000 00797cam a2200229 4500
001 3994
003 BD-RjUL
005 20211208233821.0
008 131221s1971 ru ac 000 0 eng
035 _a(BD-RjUL)4028
040 _aDLC
_cDLC
_dDLC
_dBD-RjUL
_beng
041 1 _aengrus
082 0 0 _a341.69
_bPON 1971
_223
100 1 _aPoltorak, A. I.
_q(Arkadiĭ Iosifovich)
_912712
245 1 4 _aThe Nuremberg epilogue /
_cA. Poltorak. [Translated from the Russian by David Skvirsky].
260 _aMoscow :
_bProgress Publishers,
_c1971.
300 _a476 p. :
_bill. ;
_c21 cm.
500 _aTranslation of Ni︠u︡rnbergskiĭ ėpilog.
650 0 _aNuremberg Trial of Major German War Criminals, Nuremberg, Germany, 1945-1946.
_912713
942 _2ddc
_cBK
999 _c3994
_d3994